000 00841nam a2200229Ia 4500
003 OSt
005 20210811164005.0
008 210310s1997 ck aod fr 000 0 spa d
020 _a9588007062
040 _aCO-JMCR
_cCO-JMCR
041 0 _aspa
082 0 4 _a332.62 /
_bS959c
_223
110 2 _aSuperintendencia de Valores
_98866
245 1 4 _aLos comisionistas de valores /
_cSuperintendencia de Valores
250 _a1a. edición
260 _aBogotá :
_bSuperintendencia de Valores,
_c1997
300 _a78 páginas :
_bilustraciones, fotografías y gráficas a blanco y negro y a color ;
_c24 cm.
505 0 _aEl comisionista de valores -- El comisionista de bolsa -- El mercado accionario -- El comisionista independiente
650 1 4 _aComisionistas (Valores)
_916953
650 2 4 _aComisión de valores
_939301
942 _2ddc
_cBK
999 _c8328
_d8328